[Event "GER-ch U20"]
[Site "Halle"]
[Date "1996.??.??"]
[Round "2"]
[White "Wilhelmi, Christian"]
[Black "David, Rene"]
[Result "1-0"]
[WhiteElo "2355"]
[BlackElo "2235"]

1.Nf3 d5 2.g3 Nf6 3.Bg2 c6 4.O-O Bf5 5.b3 h6 6.Bb2 e6 7.d3 Be7 8.Nbd2 Nbd7
9.e4 dxe4 10.dxe4 Bh7 11.Qe2 Qc7 12.e5 Nd5 13.Ne4 O-O 14.c4 N5b6 15.Rfd1 Rad8
16.Rac1 Nc5 17.Nd6 Bxd6 18.exd6 Rxd6 19.Be5 Rxd1+ 20.Rxd1 Qc8 21.Bd6 Ne4
22.Bxf8 Qxf8 23.Qe3 Nf6 24.Ne5 Bf5 25.h3 h5 26.Rd4 Qe7 27.g4 hxg4 28.hxg4 Bb1
29.Rd1 Bc2 30.Rd2 Bb1 31.Qe1 Bh7 32.Qd1 g5 33.Qe2 Nbd7 34.Nxd7 Nxd7 35.Be4 Nf8
36.Bxh7+ Kxh7 37.Qd3+ Ng6 38.Qd8 Qc5 39.Qf6 Qa5 40.Qxf7+ Kh6 41.Rd1 Qe5 42.Qf3 Nf4
43.Rd7 Qe1+ 44.Kh2 Qe5 45.Qe3 Qh8 46.Qd4 Qf8 47.Rd8  1-0

[Event "GER-ch U20"]
[Site "Halle"]
[Date "1996.??.??"]
[Round "6"]
[White "Wilhelmi, Christian"]
[Black "Buhr, Carl Christian"]
[Result "1/2-1/2"]
[WhiteElo "2355"]
[BlackElo "2245"]

1.Nf3 d5 2.g3 Nf6 3.Bg2 g6 4.c4 dxc4 5.Qa4+ Nfd7 6.Qxc4 Bg7 7.Nc3 Nb6 8.Qh4 Nc6
9.d3 O-O 10.Bh6 f6 11.Rd1 g5 12.Qh5 Bf5 13.Bxg7 Kxg7 14.Nh4 Bg6 15.Nxg6 hxg6
16.Qg4 Qc8 17.Qxc8 Raxc8 18.h4 gxh4 19.Bxc6 bxc6 20.Rxh4 Rh8 21.Rxh8 Rxh8
22.Kd2 Rh2 23.Rf1 f5 24.e3 Kf6 25.Ke2 e5 26.Rc1 Ke6 27.Nb1 Kd5 28.b4 Nd7
29.Nd2 Rh8 30.e4+ Kd6 31.Nc4+ Ke6 32.Na5 c5 33.bxc5 fxe4 34.dxe4 Rb8 35.Nb3 a5
36.Rc4 Rb5 37.Kd3 c6 38.Kc3 Nf6 39.a4 Rb8 40.Nxa5 Kd7 41.Nb3 Kc7 42.a5 Ng4
43.f3 Ne3 44.Ra4 Nd1+ 45.Kc2 Ne3+ 46.Kb2 Nd1+ 47.Ka3 Nc3 48.Rc4 Nb5+ 49.Ka2 Rf8
50.f4 exf4 51.gxf4 Rxf4 52.Nd4 Kb7 53.Kb3 g5 54.Nxb5 cxb5 55.Rd4 g4 56.Kb4 g3
57.Rd7+ Kc6 58.Rd6+ Kc7 59.Rg6 Rxe4+ 60.Kxb5 Re3 61.Rg7+ Kb8 62.a6 Ra3 63.Kb6 Rb3+
64.Kc6 Rc3 65.Kb5 Ra3 66.a7+ Rxa7 67.Rg8+ Kc7 68.Rg7+ Kb8 69.Rxg3 Ra1 70.Rg7 Rb1+
71.Kc6 Rc1 72.Rb7+ Kc8 73.Rb2 Rf1 74.Rd2 Rf7 75.Rd6 Rh7 76.Rf6 Kb8 77.Rf8+ Ka7
78.Rd8 Rh6+ 79.Kc7 Rh7+ 80.Rd7 Rh6 81.c6 Ka6 82.Re7 Rh1 83.Kd8 Rd1+ 84.Rd7 Rg1
85.Rb7 Rg8+ 86.Kc7 Rg7+  1/2-1/2

[Event "GER-ch U20"]
[Site "Halle"]
[Date "1996.??.??"]
[Round "7"]
[White "Buhr, Carl Christian"]
[Black "David, Rene"]
[Result "1/2-1/2"]
[WhiteElo "2245"]
[BlackElo "2235"]

1.Nf3 d5 2.g3 Nf6 3.Bg2 Bf5 4.O-O h6 5.b3 e6 6.Bb2 Be7 7.d3 O-O 8.Nbd2 c5
9.Qe1 Nc6 10.e4 Bh7 11.Qe2 Rc8 12.e5 Nd7 13.Rfe1 b5 14.a3 Nb6 15.Rad1 Qd7
16.c4 Nd4 17.Nxd4 cxd4 18.c5 Bxc5 19.Nf3 Rc7 20.Qd2 Rfc8 21.Bf1 Na8 22.Rc1 Bb6
23.Nxd4 a6 24.b4 Bg6 25.h3 Ba7 26.Nb3 Qe7 27.Rxc7 Rxc7 28.Rc1 Kf8 29.Bc3 Ke8
30.Rc2 Nb6 31.Nc5 Nc4 32.dxc4 Bxc5 33.Rc1 dxc4 34.bxc5 Qxc5 35.Qd6 Rc6 36.Qb8+ Rc8
37.Qd6 Qxd6 38.exd6 f6 39.Bg2 Kd7 40.Bb4 Bd3 41.Bf1 Be4 42.a4 a5 43.Bxa5 Ra8
44.axb5 Rxa5 45.Rxc4 Bd5 46.Rc1  1/2-1/2

[Event "Hallsberg op"]
[Site "Hallsberg"]
[Date "1996.??.??"]
[Round "2"]
[White "Karlsson, Lars"]
[Black "Schneider, Stefan"]
[Result "1/2-1/2"]
[WhiteElo "2465"]
[BlackElo "2225"]

1.Nf3 d5 2.g3 Nf6 3.Bg2 c6 4.O-O Bg4 5.Ne5 Bh5 6.d4 Nbd7 7.c4 e6 8.Nc3 Nxe5
9.dxe5 Nd7 10.cxd5 cxd5 11.Qa4 a6 12.Be3 b5 13.Qf4 Rc8 14.Rfd1 Rc4 15.Bd4 Bc5
16.Qe3 Rxd4 17.Rxd4 Qb8 18.f4 Qa7 19.Rad1 Nb8 20.g4 Bxg4 21.Kh1 Bxd4 22.Qxd4 Qxd4
23.Rxd4 O-O 24.h3 Nc6 25.Rd2 Bh5 26.e3 Rc8 27.Kh2 Kf8 28.Kg3 Na5 29.Bf1 Bg6
30.Rd4 Nc6 31.Rd2 Na5 32.Rd4 Ke7 33.a4 Nc4 34.Bxc4 bxc4 35.e4 Bxe4 36.Nxe4 dxe4
37.Rxe4 f6 38.exf6+ Kxf6 39.Re5 c3 40.bxc3 Rxc3+ 41.Kg4 g6 42.Ra5 h5+ 43.Kh4 Rc6  1/2-1/2

[Event "Hamburg HSK-B"]
[Site "Hamburg"]
[Date "1996.??.??"]
[Round "2"]
[White "Stephan, Axel"]
[Black "Bach, Matthias"]
[Result "0-1"]
[WhiteElo "2185"]
[BlackElo "2340"]

1.Nf3 d5 2.g3 c5 3.Bg2 Nc6 4.d4 Nf6 5.O-O e6 6.c4 Be7 7.cxd5 exd5 8.Nc3 O-O
9.Bg5 c4 10.Ne5 Be6 11.Nxc6 bxc6 12.b3 Qa5 13.Na4 Rab8 14.Bd2 Qa6 15.Bf4 Rbc8
16.Nc5 Bxc5 17.dxc5 Bg4 18.Re1 Rfe8 19.Bg5 Nd7 20.Be3 Bf5 21.Qd4 Nf8 22.bxc4 dxc4
23.Rec1 Be6 24.Bf4 Bd5 25.e4 Ne6 26.Qe3 Nxf4 27.Qxf4 Be6 28.Rc3 Rb8 29.Bf1 h6
30.Qc1 Rb4 31.a3 Ra4 32.Qc2 Rd8 33.f4 f6 34.Qf2 Ra5 35.Qe3 Qb5 36.Rac1 Qa4
37.Be2 Rb5 38.Rxc4 Qa5 39.R4c3 Rb2 40.R3c2 Rxc2 41.Rxc2 Qe1+ 42.Kg2 Rd1 43.f5 Bf7
44.Qf2 Qh1+ 45.Kh3 Ra1 46.Bf3 Qb1 47.Rb2 Qd3 48.Rb8+ Kh7 49.Rb7 Ra2 50.Qxa2 Bxa2
51.Bh5 Qd8 52.Rxa7 Kg8 53.Bg6 Kf8 54.a4 Qd4 55.a5 Qxc5 56.Ra8+ Ke7 57.a6 Bc4
58.a7 Bf1+ 59.Kg4 h5+ 60.Kf3 Qc2 61.Re8+ Kd7 62.Rd8+ Kc7 63.Rc8+ Kb6 64.a8=N+  0-1

[Event "Hamburg HSK"]
[Site "Hamburg"]
[Date "1996.??.??"]
[Round "3"]
[White "Wilhelmi, Christian"]
[Black "Loeffler, Stefan"]
[Result "1-0"]
[WhiteElo "2355"]
[BlackElo "2410"]

1.Nf3 d5 2.g3 Nc6 3.d4 Bg4 4.Bg2 Qd7 5.c4 dxc4 6.d5 O-O-O 7.Nc3 Bxf3 8.Bxf3 Ne5
9.Bg2 e6 10.Bf4 Ng6 11.Be3 exd5 12.Qxd5 Qxd5 13.Bxd5 Ne5 14.O-O-O Re8 15.f4 Nd3+
16.Kd2 Bc5 17.Bxc5 Nxc5 18.Bxf7 Re7 19.Bxc4 Nf6 20.Kc1 c6 21.Bd3 Kc7 22.Bc2 h5
23.Rd4 h4 24.Rg1 Ng4 25.f5 Ne3 26.Rxh4 Rxh4 27.gxh4 b5 28.b4 Na6 29.a3 Nc4
30.Nb1 c5 31.Nc3 Rd7 32.Rg6 Nd6 33.Bd3  1-0

[Event "Hamburg HSK"]
[Site "Hamburg"]
[Date "1996.??.??"]
[Round "8"]
[White "Chekhov, Valery A"]
[Black "Rogozenko, Dorin"]
[Result "1/2-1/2"]
[WhiteElo "2535"]
[BlackElo "2525"]

1.Nf3 d5 2.g3 Nf6 3.Bg2 g6 4.c4 c6 5.b3 Bg7 6.Bb2 O-O 7.O-O Re8 8.Qc2 Bf5
9.d3 Qc8 10.Nbd2 Bh3 11.e4 Bxg2 12.Kxg2 dxe4 13.dxe4 Nfd7 14.Bxg7 Kxg7 15.Qc3+ Kg8
16.h4 h5 17.e5 Nf8 18.Ng5 Qf5 19.Rae1 Nbd7 20.Re3 Ne6 21.Nxe6 Qxe6 22.Nf3 c5
23.Kh2 Nf8 24.Ng5 Qc6 25.f4 f6 26.Ne4 f5 27.Ng5 Rad8 28.Rd3 Rd7 29.Rfd1 Red8
30.Rxd7 Rxd7 31.Rd3 Ne6 32.Rxd7 Qxd7 33.Nxe6 Qxe6 34.Qa5 Qb6 35.Qxb6 axb6
36.Kg2 Kf7 37.Kf3 Ke6 38.Ke3 Kd7 39.Kd3 Kc6 40.Kc3 Kc7 41.b4 Kc6 42.Kb3 b5
43.cxb5+ Kxb5 44.a4+ Kc6 45.Kc4 cxb4 46.Kxb4 b6 47.Kc4 Kc7 48.Kb5 Kb7  1/2-1/2

[Event "Hamburg HSK"]
[Site "Hamburg"]
[Date "1996.??.??"]
[Round "8"]
[White "Fries Nielsen, Jens Ove"]
[Black "Mueller, Karsten"]
[Result "0-1"]
[WhiteElo "2425"]
[BlackElo "2490"]

1.Nf3 d5 2.g3 Nf6 3.Bg2 Bg4 4.O-O c6 5.d3 Nbd7 6.Nbd2 e5 7.e4 Bd6 8.h3 Bh5
9.Qe1 O-O 10.Nh4 Re8 11.Nf5 Bf8 12.Nf3 Qb6 13.N3h4 Rad8 14.g4 Bg6 15.Ng3 Nc5
16.Nxg6 hxg6 17.g5 Nh5 18.Nxh5 gxh5 19.Qe2 g6 20.Re1 Ne6 21.c3 dxe4 22.dxe4 a5
23.h4 Qc7 24.Qf3 Nc5 25.Bf1 Rd7 26.Be3 Nd3 27.Bxd3 Rxd3 28.Rad1 Red8 29.Qe2 R3d7
30.a4 c5 31.f3 c4 32.Rxd7 Qxd7 33.Bb6 Qh3 34.Qf2 Rd3 35.Rf1 Be7 36.Qh2 Qe6
37.Qf2 Qd7 38.Be3 Qxa4 39.f4 Qc6 40.fxe5 Qe6 41.Qf4 Bd8 42.Kg2 Bc7 43.Bd4 b5
44.Rf3 Rxf3 45.Kxf3 b4 46.cxb4 axb4 47.Kg2 Ba5  0-1

[Event "ROM-chT"]
[Site "Herculane"]
[Date "1996.??.??"]
[Round "?"]
[White "Marin, Mihail"]
[Black "Lupu, Smaranda  B"]
[Result "1/2-1/2"]
[WhiteElo "2530"]
[BlackElo "2175"]

1.Nf3 d5 2.g3 g6 3.Bg2 Bg7 4.d4 e6 5.c4 Ne7 6.Nc3 O-O 7.O-O Nbc6 8.cxd5 exd5
9.b3 Nf5 10.e3 Nce7 11.Ba3 Nd6 12.Rc1 c6 13.Bxd6 Qxd6 14.Na4 b6 15.Qd2 Ba6
16.Rfd1 Rac8 17.Bf1 Bxf1 18.Kxf1 Nf5  1/2-1/2

[Event "ROM-chT"]
[Site "Herculane"]
[Date "1996.??.??"]
[Round "?"]
[White "Marin, Mihail"]
[Black "Ionescu, Mihai"]
[Result "1/2-1/2"]
[WhiteElo "2530"]
[BlackElo "2310"]

1.Nf3 d5 2.g3 c6 3.Bg2 Bg4 4.c4 e6 5.cxd5 Bxf3 6.Bxf3 cxd5 7.Nc3 Nf6 8.O-O Be7
9.a3 O-O 10.b4 Nbd7 11.d3 a5 12.Rb1 axb4 13.axb4 Nb6 14.Qb3 Qd7 15.e4 Na4
16.Ne2 Rfc8 17.Be3 dxe4 18.dxe4 e5 19.Rfc1 b5 20.Nc3 Rc4 21.Nxa4 Rxc1+ 22.Rxc1 bxa4
23.Qa3 h6 24.Bc5 Bxc5 25.bxc5 Qc6 26.Rc4 Kh7 27.Bd1 Qb5 28.Rc1 Qc6 29.Rc4 Qb5
30.Rc1 Qc6 31.Qb4 a3 32.Ra1 Rc8 33.Rxa3 Qxc5 34.Qxc5 Rxc5 35.Be2  1/2-1/2

[Event "ROM-ch"]
[Site "Herculane"]
[Date "1996.??.??"]
[Round "15"]
[White "Ionescu, Constantin"]
[Black "Mateuta, Gabriel"]
[Result "1-0"]
[WhiteElo "2520"]
[BlackElo "2265"]

1.Nf3 d5 2.g3 Nf6 3.Bg2 Bg4 4.c4 Bxf3 5.Bxf3 c6 6.Qb3 Qc8 7.d4 e6 8.Nc3 Bd6
9.O-O O-O 10.Bg5 Nbd7 11.Rac1 Qb8 12.e4 dxe4 13.Nxe4 Nxe4 14.Bxe4 h6 15.Bd2 a5
16.Rfe1 Bb4 17.Bxb4 axb4 18.Bb1 Qa7 19.c5 Qa4 20.Re3 Nf6 21.Rc4 Qxb3 22.Rxb3 Nd5
23.Be4 Rfd8 24.Bxd5 Rxd5 25.Rbxb4 Rxa2 26.Rxb7 Ra1+ 27.Kg2 Rd1 28.Rb8+ Kh7
29.Rc2 R1xd4 30.Rb6 Rd2 31.Rxd2 Rxd2 32.Kf3 Kg6 33.Ke3 Rc2 34.b4 Rb2 35.Kd3 Kf5
36.Kc3 Rxf2 37.Rxc6 Ke5 38.Rd6 Rf1 39.Rd2 Rb1 40.Kc4 f5 41.Re2+ Kf6 42.c6 Rc1+
43.Kb5 g5 44.Kb6 f4 45.gxf4 gxf4 46.b5 e5 47.Kc7 f3 48.Re3  1-0

[Event "NLD-chT9697"]
[Site "Holland"]
[Date "1996.??.??"]
[Round "?"]
[White "Hartoch, Robert G"]
[Black "Marcus, Joost"]
[Result "1/2-1/2"]
[WhiteElo "2295"]
[BlackElo "2300"]

1.Nf3 d5 2.g3 Nf6 3.Bg2 c6 4.O-O Bf5 5.d3 e6 6.Nbd2 Be7 7.Qe1 h6 8.e4 Bh7
9.Qe2 O-O 10.h3 a5 11.Nh2 Na6 12.e5 Nd7 13.f4 Qc7 14.Ndf3 Rfe8 15.g4 a4 16.g5 hxg5
17.fxg5 Bf5  1/2-1/2

[Event "NLD-chT9697"]
[Site "Holland"]
[Date "1996.??.??"]
[Round "?"]
[White "Hartoch, Robert G"]
[Black "Kroeze, Frank M"]
[Result "1/2-1/2"]
[WhiteElo "2295"]
[BlackElo "2390"]

1.Nf3 d5 2.g3 Bg4 3.Bg2 Nd7 4.O-O Ngf6 5.d3 e5 6.Nbd2 Bc5 7.e4 dxe4 8.dxe4 O-O
9.h3 Bxf3 10.Qxf3 Qe7 11.Nc4 Rfd8 12.Bg5 Qe6 13.Qb3 Bd4 14.Bxf6 Qxf6 15.c3 Bb6
16.Rad1 Qe6 17.Nxb6 Qxb3 18.axb3 Nxb6 19.Bf3 Kf8 20.Rxd8+ Rxd8 21.Rd1 Rxd1+
22.Bxd1 a5 23.Kf1 Ke7 24.Ke2 Kd6 25.Ke3 Nd7 26.h4 Nc5 27.f4 h6 28.f5 Ke7
29.g4 Kf6 30.Bc2 b6 31.Kd2 g6 32.Ke3 g5 33.h5 Ke7 34.Kd2 Kd6 35.Ke3 Nd7 36.Bd1 Kc5
37.Kd3 Nf8 38.Ke3 Nh7 39.Be2 b5 40.Bd1 Nf6 41.Kd3 Ne8 42.Bc2 Nd6 43.Bd1 f6
44.Bc2 Nb7 45.Ke3 Kb6 46.Kd2 Nc5 47.Kc1 b4 48.Kd2 Kb5 49.Bd3+ Nxd3 50.c4+ Kb6
51.Kxd3 Kc5 52.Ke3 Kc6  1/2-1/2

[Event "HUN-chT2 9596"]
[Site "HUN"]
[Date "1996.??.??"]
[Round "8"]
[White "Poor, Istvan"]
[Black "Somlai, Laszlo"]
[Result "1-0"]
[WhiteElo "2305"]
[BlackElo "2375"]

1.Nf3 d5 2.g3 Nf6 3.Bg2 c6 4.O-O Bf5 5.b3 e6 6.Bb2 Be7 7.Nh4 Bg6 8.d3 O-O
9.c4 a5 10.Nc3 Nfd7 11.Nxg6 hxg6 12.Qc2 Nf6 13.e4 dxe4 14.dxe4 e5 15.Rad1 Nbd7
16.Na4 b5 17.cxb5 cxb5 18.Nc3 Qb8 19.Nd5 Bd8 20.Rd2 Re8 21.Rfd1 b4 22.Qc6 Nxd5
23.Rxd5 Nf6 24.Bxe5 Qc8 25.Qb5 Qe6 26.Rc5 Bb6 27.Rd6 Qg4 28.h3 Bxc5 29.hxg4 Rxe5
30.Qc6 Rae8 31.Rd2 Nxg4 32.Kf1 Ba7 33.Qd7  1-0

[Event "HUN-chT1 9596"]
[Site "HUN"]
[Date "1996.??.??"]
[Round "9"]
[White "Tompa, Janos"]
[Black "Almasi, Istvan"]
[Result "1/2-1/2"]
[WhiteElo "2450"]
[BlackElo "2375"]

1.Nf3 d5 2.g3 Nf6 3.Bg2 e6 4.b3 Be7 5.Bb2 b6 6.c4 Bb7 7.O-O O-O 8.e3 c5 9.Qe2 Nc6
10.Rd1 Qc7 11.Nc3 Rad8 12.cxd5  1/2-1/2

[Event "HUN-chT2 9596"]
[Site "HUN"]
[Date "1996.??.??"]
[Round "10"]
[White "Czebe, Attila"]
[Black "Lehmann, Zoltan"]
[Result "1/2-1/2"]
[WhiteElo "2430"]
[BlackElo "2340"]

1.Nf3 d5 2.g3 c6 3.Bg2 Bg4 4.d3 Nd7 5.Nbd2 e6 6.O-O Ne7 7.b3 Ng6 8.Bb2 Nf6
9.Ne1 e5 10.h3 Be6 11.Nef3 Qc7 12.c4 d4 13.e3 dxe3 14.fxe3 O-O-O 15.Qc2 Qd7
16.Bxe5 Qxd3 17.Qxd3 Rxd3 18.Bd4 c5 19.Bxf6 gxf6 20.Ne4 Bh6 21.Kh2 b6 22.Nxf6 Bg7
23.Ng5 Rxe3 24.Rad1 Re2 25.Nfe4 Ne5 26.Nd6+ Kb8 27.Ndxf7 Bxf7 28.Nxf7 Rg8
29.Rf5  1/2-1/2

[Event "HUN-chT2 9596"]
[Site "HUN"]
[Date "1996.??.??"]
[Round "10"]
[White "Kadar, Gabor"]
[Black "Lukacs, Peter"]
[Result "1/2-1/2"]
[WhiteElo "2280"]
[BlackElo "2490"]

1.Nf3 d5 2.g3 c6 3.Bg2 Nf6 4.O-O Bg4 5.Ne5 Bh5 6.d4 e6 7.Nd2 Be7 8.Nd3 O-O
9.Nf4 Bg4 10.h3 Bf5 11.g4 Bg6 12.Nxg6 hxg6 13.e4 dxe4 14.Nxe4 Nxe4 15.Bxe4 Nd7
16.Bg2 Nb6 17.c3 Rc8 18.Bf4 Nd5 19.Be5 Bd6 20.Bxd5 cxd5 21.Qe2 Bxe5 22.Qxe5 b5
23.a4 a6 24.axb5 axb5 25.Ra7 b4 26.Qe3 bxc3 27.bxc3 Rc7 28.Rxc7 Qxc7 29.Kg2 Rc8
30.Rc1 Qe7 31.Ra1 g5 32.Rc1 Qf6 33.Qd3 g6 34.Re1 Qf4 35.Re3 Kg7  1/2-1/2

[Event "HUN-chT1 9596"]
[Site "HUN"]
[Date "1996.??.??"]
[Round "11"]
[White "Honos, Attila"]
[Black "Szabo, Zsolt"]
[Result "1/2-1/2"]
[WhiteElo "2310"]
[BlackElo "2350"]

1.Nf3 d5 2.g3 c6 3.Bg2 Nf6 4.b3 Bg4 5.Bb2 Nbd7 6.d3 e6 7.Nbd2 Bd6 8.O-O O-O
9.Re1 Re8 10.e4 Ne5 11.Qc1 Nxf3+ 12.Nxf3 dxe4 13.dxe4 Bxf3  1/2-1/2

[Event "HUN-chT1 9596"]
[Site "HUN"]
[Date "1996.??.??"]
[Round "12"]
[White "Gyorkos, Lajos"]
[Black "Dao Thien Hai"]
[Result "1/2-1/2"]
[WhiteElo "2405"]
[BlackElo "2480"]

1.Nf3 d5 2.g3 c6 3.Bg2 Bg4 4.O-O Nd7 5.d4 e6 6.Nbd2 f5 7.c4 Bd6 8.Qc2 Ngf6
9.cxd5 cxd5 10.Qb3 Rb8 11.Ng5 Qe7 12.f3 Bh5 13.e4 h6 14.Nh3 Bc7 15.Re1 Bb6
16.exd5 Bxd4+ 17.Kh1 e5 18.Nc4 Bf7 19.Be3 Bxe3 20.Qxe3 Nxd5 21.Qxa7 O-O 22.Qf2 Rbc8
23.b3 Qf6 24.Rad1 f4 25.gxf4 exf4 26.Qd4 b5 27.Ne5 Nxe5 28.Qxe5 Qxe5 29.Rxe5 Ne3
30.Rg1 Be8 31.Nxf4 Nxg2 32.Nxg2 Rxf3 33.Rge1 Bc6 34.Kg1 Rf6 35.Re6 Kf7 36.Re7+ Kf8
37.R7e6 Rxe6 38.Rxe6 Kf7 39.Re2 Kf6 40.Kf2 g5 41.Ne3 h5 42.Rc2 Bb7  1/2-1/2

[Event "HUN-chT1 9697"]
[Site "Hungary"]
[Date "1996.??.??"]
[Round "2"]
[White "Kahn, Evarth"]
[Black "Brandics, Jozsef"]
[Result "1/2-1/2"]
[WhiteElo "2315"]
[BlackElo "2205"]

1.Nf3 d5 2.g3 Bg4 3.Bg2 c6 4.b3 Nd7 5.Bb2 Ngf6 6.O-O e6 7.d3 h5 8.Nbd2 Qc7
9.Qe1 Bb4 10.c3 Bd6 11.e4 O-O-O 12.h3 h4 13.e5 Bxe5 14.hxg4 hxg3 15.Nxe5 Nxe5
16.fxg3  1/2-1/2

[Event "HUN-chT1 9697"]
[Site "Hungary"]
[Date "1996.??.??"]
[Round "3"]
[White "Bilek, Istvan"]
[Black "Chernin, Alexander"]
[Result "1/2-1/2"]
[WhiteElo "2405"]
[BlackElo "2595"]

1.Nf3 d5 2.g3 Bg4 3.Bg2 Nd7 4.c4 e6 5.Qa4 c6 6.cxd5 Bxf3 7.Bxf3 exd5 8.d4 Bd6
9.Nc3 f5 10.Bf4 Bxf4 11.gxf4 Ne7 12.e3 O-O 13.h4 Nf6 14.h5 Nc8 15.O-O-O Nd6
16.Qc2 Qe7 17.Kb1 Nfe4 18.Nxe4 fxe4 19.Bg4 a5 20.Be2 Kh8 21.Qc5 Rf6 22.Rc1  1/2-1/2

[Event "HUN-chT1 9697"]
[Site "Hungary"]
[Date "1996.??.??"]
[Round "3"]
[White "Honos, Attila"]
[Black "Zemerov, Vladimir"]
[Result "0-1"]
[WhiteElo "2360"]
[BlackElo "2410"]

1.Nf3 d5 2.g3 Nc6 3.d4 Bg4 4.Bg2 Qd7 5.Nc3 e6 6.Bf4 Bb4 7.O-O Bxc3 8.bxc3 Bxf3
9.Bxf3 Nf6 10.Rb1 b6 11.Qd3 Na5 12.Be5 Nc4 13.g4 h6 14.Rb4 Rc8 15.Kg2 c5
16.Rbb1 cxd4 17.cxd4 Nxe5 18.dxe5 Nh7 19.Rbd1 Ng5 20.h4 Nxf3 21.Qxf3 Qa4
22.e3 Rc4 23.Kh3 Qxc2 24.Rd4 O-O 25.Rf4 Rxf4 26.Qxf4 Qc4 27.Rd1 Qxa2 28.g5 h5
29.Rc1 Qe2 30.f3 Qd3 31.Rc7 a5 32.Kg3 b5 33.Ra7 a4 34.Qb4 Qxe3 35.Qe7 Qxe5+
36.Kg2 g6  0-1

[Event "HUN-chT1 9697"]
[Site "Hungary"]
[Date "1996.??.??"]
[Round "3"]
[White "Nemeth, Zoltan"]
[Black "Salanki, Endre"]
[Result "1-0"]
[WhiteElo "2395"]
[BlackElo "2185"]

1.Nf3 d5 2.g3 Nf6 3.Bg2 e6 4.b3 Be7 5.Bb2 O-O 6.d3 c5 7.Nbd2 Nc6 8.O-O Qc7
9.a3 h6 10.c4 d4 11.b4 e5 12.bxc5 Bxc5 13.Nb3 Be7 14.Nfd2 Be6 15.e3 dxe3
16.fxe3 a5 17.d4 a4 18.d5 Bg4 19.Bf3 Bxf3 20.Nxf3 axb3 21.dxc6 Ng4 22.cxb7 Qxb7
23.Nxe5 Nxe3 24.Qf3 Qxf3 25.Rxf3 Nc2 26.Rd1 Bxa3 27.Rxb3 Bc5+ 28.Kh1 f6 29.Nd7 Rfd8
30.Rd5 Be7 31.Rb7 Re8 32.c5 Rac8 33.Rd2 Ne3 34.Bd4 Nc4 35.Ra2 Bd8 36.Nb6 Bxb6
37.cxb6 Rb8 38.Raa7 Rxb7 39.Rxb7 Na5 40.Rc7 Rb8 41.Kg2 Nb7 42.Kf3 Nd6 43.Bc5 Nb7
44.Ba3 Na5 45.Bb4 Rxb6 46.Bxa5 Rb2 47.h4 Rb5 48.Bc3 h5 49.Bd4 Kh7 50.Be3 Kg6
51.Bc5 Rb8 52.Ke4 Rd8 53.Be7 Ra8 54.Bd6 Ra4+ 55.Kd5 Rg4 56.Bf4 Kf5 57.Rf7 Rg6
58.Rf8 Rg4 59.Rh8 g5 60.hxg5 fxg5 61.Rf8+ Kg6 62.Be5 h4 63.Ke6 Ra4 64.Rg8+ Kh7
65.Rg7+ Kh6 66.Kf5 hxg3 67.Rxg5 Ra7 68.Rxg3 Kh7 69.Rh3+  1-0

[Event "HUN-chT1 9697"]
[Site "Hungary"]
[Date "1996.??.??"]
[Round "4"]
[White "Marosi, Gyorgy"]
[Black "Csoke, Adrienn"]
[Result "1/2-1/2"]
[WhiteElo "2275"]
[BlackElo "2095"]

1.Nf3 d5 2.g3 c6 3.Bg2 Bg4 4.O-O Nd7 5.d4 Qb6 6.b3 Ngf6 7.c4 e6 8.Nbd2 Be7
9.Bb2 O-O 10.Bc3 Rad8 11.Qe1 Qc7 12.e4 dxe4 13.Nxe4 Bf5 14.Nxf6+  1/2-1/2

[Event "HUN-chT1 9697"]
[Site "Hungary"]
[Date "1996.??.??"]
[Round "4"]
[White "Zemerov, Vladimir"]
[Black "Wells, Peter K"]
[Result "0-1"]
[WhiteElo "2410"]
[BlackElo "2495"]

1.Nf3 d5 2.g3 c6 3.Bg2 Bg4 4.c4 e6 5.Qc2 Nd7 6.d3 Bd6 7.Nbd2 Ne7 8.b3 O-O
9.Bb2 a5 10.a3 e5 11.h3 Be6 12.c5 Bc7 13.Ng5 Bf5 14.e4 Bg6 15.h4 dxe4 16.dxe4 h6
17.h5 hxg5 18.hxg6 Nxg6 19.Bh3 Qe7 20.Rc1 Rfd8 21.Bf5 Ngf8 22.Nf3 g6 23.Bh3 Nh7
24.Qc3 Ndf6 25.Nxe5 Re8 26.f4 gxf4 27.gxf4 Nxe4 28.Nxg6 Nxc3+ 29.Nxe7+ Rxe7+
30.Kf1 Ne2 31.Bf5 Ng3+ 32.Kf2 Nxh1+ 33.Rxh1 f6 34.Rh6 Bxf4  0-1

[Event "HUN-chT1 9697"]
[Site "Hungary"]
[Date "1996.??.??"]
[Round "6"]
[White "Marosi, Gyorgy"]
[Black "Kiss, Robert"]
[Result "1/2-1/2"]
[WhiteElo "2275"]
[BlackElo "2280"]

1.Nf3 d5 2.g3 g6 3.Bg2 Bg7 4.O-O Nf6 5.c4 c6 6.cxd5 cxd5 7.d4 O-O 8.Ne5 Nbd7
9.Nc3 e6 10.Nxd7 Qxd7 11.Bf4 b6 12.Be5 Ba6 13.Re1 Ne8 14.Bxg7  1/2-1/2

[Event "Imperia op"]
[Site "Imperia"]
[Date "1996.??.??"]
[Round "8"]
[White "Malano, Francesco"]
[Black "Welker, Michael"]
[Result "0-1"]
[WhiteElo "2080"]
[BlackElo "2085"]

1.Nf3 d5 2.g3 c5 3.Bg2 Nc6 4.O-O e5 5.d3 Be7 6.Nbd2 Be6 7.e4 d4 8.b3 g5 9.Nc4 f6
10.a4 Qd7 11.Bd2 O-O-O 12.Ne1 h5 13.f3 h4 14.f4 hxg3 15.hxg3 gxf4 16.gxf4 Nh6
17.f5 Bxc4 18.bxc4 Rdg8 19.Nf3 Ng4 20.Qe2 Bf8 21.Rfb1 Qh7 22.Rb5 Ne3 23.Bxe3 Qh1+  0-1

[Event "Isle of Man op"]
[Site "Isle of Man"]
[Date "1996.??.??"]
[Round "1"]
[White "Hartoch, Robert G"]
[Black "Kristensen, Bjarke"]
[Result "1/2-1/2"]
[WhiteElo "2295"]
[BlackElo "2420"]

1.Nf3 d5 2.g3 c5 3.c4 Nf6 4.cxd5 Nxd5 5.Bg2 Nc6 6.d4 cxd4 7.Nxd4 Ndb4 8.Nxc6 Qxd1+
9.Kxd1 Nxc6 10.Bxc6+ bxc6 11.Be3 h5 12.h4 g6 13.Nc3 Bg7 14.Rc1 O-O 15.Ke1 Be6
16.f3 Bxc3+ 17.Rxc3 Bxa2 18.Rxc6 Rfc8 19.Rxc8+ Rxc8 20.Kd2 Rd8+  1/2-1/2

[Event "Isle of Man op"]
[Site "Isle of Man"]
[Date "1996.??.??"]
[Round "2"]
[White "Tkachiev, Vladislav"]
[Black "Hector, Jonny"]
[Result "1-0"]
[WhiteElo "2620"]
[BlackElo "2525"]

1.Nf3 d5 2.g3 Bg4 3.Bg2 Nd7 4.c4 e6 5.cxd5 exd5 6.O-O Ngf6 7.d3 Be7 8.Nc3 c6
9.h3 Bh5 10.Qc2 O-O 11.e4 Bxf3 12.Bxf3 Nc5 13.Rd1 Ne6 14.Ne2 Bc5 15.b4 Bd4
16.Bb2 Bxb2 17.Qxb2 Qe7 18.Bg2 a5 19.b5 Qb4 20.Rab1 Qxb2 21.Rxb2 Rfd8 22.bxc6 bxc6
23.e5 Nd7 24.f4 Rab8 25.Rc2 Rb6 26.Rdc1 Nb8 27.f5 Nf8 28.Nd4 Nfd7 29.e6 Ne5
30.Rc3 fxe6 31.fxe6 Re8 32.Re1 Ng6 33.Rc5 Ra6 34.h4 Ne7 35.Rb1 g6 36.Rc2 Ra7
37.Rf2 Na6 38.Rb6 Nb4 39.Rd2 Nc8 40.Rb8 Rae7 41.a3 Na6 42.Ra8 Ra7 43.Rxa7 Nxa7
44.Rc2 Nb8 45.Rb2 c5 46.Rb7 cxd4 47.Rxa7 Nc6 48.Ra6 Ne7 49.Rxa5 Kg7 50.Bxd5 Rb8
51.Bc4 h5 52.Kf2 Rb2+ 53.Kf3 Kf6 54.Ra7 Rb8 55.Ke4 Rb1 56.a4 Re1+ 57.Kf3 Re3+
58.Kf2 Nf5 59.Rd7 Ke5 60.Rd5+ Kxe6 61.Rxd4+ Kf6 62.Rd7 Re8 63.a5 Nh6 64.Kf3 Ng4
65.Kf4 Rf8 66.a6 Ne5 67.Rc7  1-0

[Event "Isle of Man op"]
[Site "Isle of Man"]
[Date "1996.??.??"]
[Round "6"]
[White "Norwood, David"]
[Black "Ledger, Andrew"]
[Result "0-1"]
[WhiteElo "2520"]
[BlackElo "2415"]

1.g3 d5 2.Nf3 c6 3.Bg2 Bg4 4.b3 Nd7 5.Bb2 Ngf6 6.O-O e6 7.d3 Be7 8.h3 Bh5
9.Nbd2 O-O 10.e4 a5 11.a4 Ne8 12.Qe2 Nc7 13.Kh1 f5 14.Rfe1 Bb4 15.Qe3 fxe4
16.dxe4 Bxf3 17.Nxf3 Bxe1 18.Rxe1 Nf6 19.e5 Ne4 20.Ba3 Rf7 21.Re2 b5 22.Kh2 b4
23.Bc1 Qe7 24.Ne1 Nc3 25.Rd2 c5 26.f4 Raf8 27.Nf3 g6 28.Ng5 Rg7 29.h4 h6
30.Nh3 d4 31.Qd3 N7d5 32.Rf2 Ne3 33.Bf3 g5 34.fxg5 hxg5 35.hxg5 Rxf3 36.Rxf3 Ng4+
37.Kg1 Nxe5 38.Qf1 Nxf3+ 39.Qxf3 e5 40.Qg4 Qd7 41.Qh5 Qe6 42.Nf2 Rh7 43.Qf3 e4
44.Qg2 Ne2+ 45.Kf1 Nxc1 46.Nxe4 Qh3  0-1

[Event "ISR-chT"]
[Site "Israel"]
[Date "1996.??.??"]
[Round "1"]
[White "Tseitlin, Mark D"]
[Black "Mikhalevski, Alexander"]
[Result "1-0"]
[WhiteElo "2545"]
[BlackElo "2435"]

1.Nf3 d5 2.g3 Bg4 3.Bg2 c6 4.O-O Nf6 5.b3 e6 6.Bb2 Nbd7 7.d3 Bc5 8.Nbd2 O-O
9.h3 Bxf3 10.Nxf3 Qc7 11.e3 a5 12.a4 Rfe8 13.Qe2 Bf8 14.e4 dxe4 15.dxe4 e5
16.Nd2 Bc5 17.Kh2 Nf8 18.Nc4 N6d7 19.f4 exf4 20.gxf4 Ne6 21.e5 Nb6 22.Rad1 Rad8
23.Nd6 Re7 24.Qg4 Nd5 25.Bxd5 cxd5 26.Nb5 Qc8 27.f5 Nf8 28.Nd6 Rxd6 29.exd6 Bxd6+
30.Kh1 f6 31.Qg2 Kh8 32.Rxd5 Bb8 33.Rfd1 Qe8 34.Rg1 Nd7 35.Ba3 Rf7 36.Rxa5 Ne5
37.Ra8 Rd7 38.Bd6 Rxd6 39.Qxg7+  1-0

[Event "ISR-chT"]
[Site "Israel"]
[Date "1996.??.??"]
[Round "8"]
[White "Zoler, Dan"]
[Black "Shvidler, Eliahu"]
[Result "1-0"]
[WhiteElo "2455"]
[BlackElo "2460"]

1.Nf3 d5 2.g3 c6 3.b3 Bg4 4.Bg2 Nd7 5.Bb2 Ngf6 6.O-O e6 7.d3 Bxf3 8.Bxf3 Bc5
9.e3 O-O 10.Nd2 Qe7 11.a3 Bd6 12.Qe2 a5 13.c4 Nc5 14.Bg2 dxc4 15.dxc4 Rfd8
16.Rfd1 Rd7 17.b4 Na4 18.Bxf6 gxf6 19.Ne4 f5 20.Nxd6 Rxd6 21.Rxd6 Qxd6 22.Qe1 Qe5
23.Rc1 axb4 24.axb4 Nb6 25.Qd2 Kg7 26.f4 Qf6 27.b5 Ra1 28.Qe1 Ra4 29.Qe2 Ra1
30.Qd1 Rxc1 31.Qxc1 cxb5 32.cxb5 Nd5 33.Bxd5 exd5 34.Qd2 Qb6 35.Qb2+ f6 36.Kf2 Qc5
37.Ke2 Qc4+ 38.Kd2 b6 39.Qb1 Kg6 40.g4 Qe4 41.Qxe4 dxe4 42.h3 fxg4 43.hxg4 h5
44.f5+ Kg5 45.gxh5 Kxh5 46.Kc3 Kg4 47.Kc4 Kxf5 48.Kd5 Kg5 49.Kxe4 f5+ 50.Ke5 Kg6
51.e4 fxe4 52.Kxe4  1-0

[Event "ISR-chT"]
[Site "Israel"]
[Date "1996.??.??"]
[Round "9"]
[White "Berkovich, Mark A"]
[Black "Kogan, Artur"]
[Result "1/2-1/2"]
[WhiteElo "2390"]
[BlackElo "2485"]

1.g3 d5 2.Nf3 Bg4 3.Bg2 c6 4.c4 e6 5.cxd5 exd5 6.O-O Bd6 7.d3 Ne7 8.e4 O-O
9.Nc3 Nd7 10.Qc2 dxe4 11.dxe4 Ne5 12.Nxe5 Bxe5 13.Be3 Bd4 14.Bxd4 Qxd4 15.h3 Be6
16.Rad1 Qc5 17.Rd2 Ng6 18.Kh2 Ne5 19.b3 f5 20.f4 Nf7 21.e5 Rad8 22.Rfd1 g5
23.Rxd8 Rxd8 24.Rxd8+ Nxd8 25.Qd3 Nf7 26.Ne2 Qf2 27.Qf3 Qc5 28.Qd3 Qf2 29.Qf3 Qb6
30.Qd3 Qf2  1/2-1/2